Cinéma en images par lettres - D - Statistiques

Statistiques générales
  • Ce quiz a été pris 446 fois
  • Le résultat moyen est 14 sur 24
Statistiques - réponses
Par images Hint Réponse % Correct
Acteur Louis de Funès
98%
Personnage Dumbo
96%
Acteur Jean Dujardin
96%
Studio Dreamworks
91%
Film Le Dîner de cons
89%
Film Le Dictateur
85%
Acteur Robert De Niro
84%
Film Da Vinci Code
82%
Actrice Catherine Deneuve
78%
Franchise Die Hard
70%
Actrice Cameron Diaz
67%
Métier du cinéma Décorateur
58%
Composant d'un film Doublage
56%
Festival Deauville
53%
Film Django Unchained
52%
Marque Dolby
52%
Film Les Dents de la Mer
39%
Réalisateur Xavier Dolan
31%
Film De rouille et d'os
29%
Réalisateur Guillermo del Toro
24%
Actrice Marlene Dietrich
19%
Personnage Antoine Doinel
11%
Compositeur Alexandre Desplat
7%
Réalisateur Jacques Demy
7%
Aucun quiz correspondant
Distribution des résultats
% des personnes avec chaque résultat
Percentile par nombre de réponses
Votre historique - résultats
Vous n’avez pas pris ce quiz